000 00939nam a2200289 a 4500
005 20200104041516.0
008 140224b1992 jm ||||| |||| 00| 0 eng d
040 _aCO-BoIAVH
_cCO-BoIAVH
041 _aeng
082 1 0 _a597.98492
_bS98s
100 1 _aSybesman, Jeffrey
245 1 0 _aSea turtle recovery action plan for the Netherlands Antilles.
260 _aKingston:
_bCaribbean Environment Programme
_c1992
300 _a63 páginas.
650 1 4 _aTortugas marinas
650 1 4 _aRecuperación ambiental
650 1 4 _aDistribución geográfica
650 1 4 _aManejo de biodiversidad
650 1 4 _aEducación ambiental
650 1 4 _aCITES
650 1 4 _aApoyo institucional
650 1 4 _aManejo de áreas protegidas
650 1 4 _aLegislación ambiental
662 1 _aAntillas Holandesas
700 _aEckert, Karen Lind
_eeditora
942 _cLIBRO
_2ddc
999 _c892
_d892